Schweizer Unternehmen nach Produkten - Statistiken

Allgemein
  • Dieses Quiz wurde 135 mal gespielt
  • Das Durchschnittsergebnis liegt bei 7 aus 20
Antwortstatistiken
Produkt Unternehmen % Korrekt
Nestea Nestlé
95%
Lindor Kugeln Lindt
79%
Day-Date Uhr Rolex
60%
Caffè Latte Double Zero Emmi
50%
blue TV Swisscom
50%
Manora-Restaurants Manor
48%
Anna's Best Migros
41%
Wave-Chips Zweifel
41%
Mountaineer Taschenmesser Victorinox
40%
Farmer-Citro Landi
31%
Cloud 5.0 Schuh On Running Shoes
31%
Kaffeevollautomat Ena 4 Jura
24%
Voltaren Novartis
21%
Maus M705 Marathon Logitech
20%
20 Minuten Tamedia
17%
Kreuzfahrten mit der "Fantasia" MSC
13%
Malm IKEA Schweiz
12%
3+ CH Media
6%
Babysanft Duschgel Hipp Holding
2%
Farmer Riegel Elsa Mifroma
0%
Keine übereinstimmenden Quizze gefunden
Verteilung der Resultate
Anzahl Personen mit jedem Resultat
Perzentil nach korrekt beantworteten Fragen
Ihre Resultats-Entwicklung
Sie haben dieses Quiz noch nicht gespielt